Rural sustainable development progressing well (Record no. 72823)

MARC details
000 -LEADER
fixed length control field 00807cam a2200193 4500
001 - CONTROL NUMBER
control field WB3921-06
008 - FIXED-LENGTH DATA ELEMENTS--GENERAL INFORMATION
fixed length control field 030604n2003 000 0 eng u
035 ## - SYSTEM CONTROL NUMBER
System control number (Sirsi) u122521
245 ## - TITLE STATEMENT
Title Rural sustainable development progressing well
260 ## - PUBLICATION, DISTRIBUTION, ETC.
Date of publication, distribution, etc. 2003
490 ## - SERIES STATEMENT
Series statement DEFRA News Release
Volume/sequential designation 3 June 2003 (1)
520 ## - SUMMARY, ETC.
Summary, etc. The Countryside Agency has cited DEFRA as one of the departments which has made the most progress in rural development in the last year. Copies of the Countryside Agency annual report are available from http://www.countryside.gov.uk/index.htm. http://www.defra.gov.uk/news/latest/2003/ruralproofing.htm.
590 ## - LOCAL NOTE (RLIN)
Local note WB
650 ## - SUBJECT ADDED ENTRY--TOPICAL TERM
Topical term or geographic name entry element SUSTAINABLE DEVELOPMENT
650 ## - SUBJECT ADDED ENTRY--TOPICAL TERM
Topical term or geographic name entry element RURAL DEVELOPMENT
650 ## - SUBJECT ADDED ENTRY--TOPICAL TERM
Topical term or geographic name entry element RURAL PROOFING
690 ## - LOCAL SUBJECT ADDED ENTRY--TOPICAL TERM (OCLC, RLIN)
Topical term or geographic name as entry element PROPERTY-PROPERTY DEVELOPMENT
942 ## - ADDED ENTRY ELEMENTS (KOHA)
Suppress in OPAC 0
Holdings
Withdrawn status Lost status Source of classification or shelving scheme Damaged status Not for loan Home library Current library Shelving location Date acquired Total Checkouts Full call number Barcode Date last seen Copy number Price effective from Koha item type
    Dewey Decimal Classification     London London News article 04/06/2003   WB3921-06 122521-1001 06/08/2019 1 06/08/2019 News article